Comuni della Provincia di Trieste - Statistics

Statistiche generali
  • Questo quiz è stato fatto 60 volte
  • Il punteggio medio è 4 su 6
Statistiche sulle risposte
Comune % Corretto
Trieste
100%
Muggia
87%
Duino-Aurisina
67%
San Dorligo della Valle
59%
Sgonico
52%
Monrupino
50%
Nessun quiz corrispondente trovato
Distribuzione punteggi
Percentuale di utenti per punteggio
Percentile per numero di risposta
I tuoi punteggi nel tempo
Non hai fatto questo quiz